[Event "TCh-AUT 2009-10"]
[Site "Graz AUT"]
[Date "2010.01.14"]
[Round "4"]
[White "Lendwai,R"]
[Black "Bozinovic,Bob"]
[Result "1-0"]
[WhiteElo "2424"]
[BlackElo "2086"]

1.d4 Nf6 2.Nf3 d5 3.c4 e6 4.g3 Be7 5.Bg2 O-O 6.Qc2 Nbd7 7.O-O c6 8.Nbd2 Qc7
9.e4 dxe4 10.Nxe4 Nxe4 11.Qxe4 Nf6 12.Qc2 c5 13.Bf4 Qb6 14.Rad1 Bd7 15.dxc5 Bxc5
16.Be5 Bc6 17.Ng5 h6 18.Bxf6 hxg5 19.Bxg5 Bxg2 20.Kxg2 Qc6+ 21.f3 Rfc8 22.Qe2 Bf8
23.Rc1 a6 24.Rfd1 Qc5 25.Be3 Qe5 26.Qf2 b5 27.c5 Rc6 28.Bd4 Qf5 29.b4 Rac8
30.Qe2 Qg5 31.Rc2 Qf5 32.Rcd2 Qg5 33.Bb2 a5 34.a3 axb4 35.axb4 Rb8 36.Qe5 Qxe5
37.Bxe5 Ra8 38.Rd8 Rcc8 39.Rxc8 Rxc8 40.Ra1 f6 41.Bf4 e5 42.Be3 Rb8 43.Ra7 g6
44.Rd7 f5 45.c6  1-0

[Event "8th Parsvnath Open"]
[Site "New Delhi IND"]
[Date "2010.01.15"]
[Round "3"]
[White "Karthikeyan,P"]
[Black "Gokhale,C"]
[Result "1/2-1/2"]
[WhiteElo "2408"]
[BlackElo "2271"]

1.Nf3 Nf6 2.c4 e6 3.g3 d5 4.d4 Be7 5.Bg2 O-O 6.O-O b6 7.cxd5 exd5 8.Nc3 Bb7
9.Ne5 Re8 10.Bf4 c5 11.dxc5 Bxc5 12.Nd3 Na6 13.Nxc5 Nxc5 14.Nb5 Ba6 15.Nd4 Ne6
16.Nxe6 Rxe6 17.Re1 Qe7 18.e3 h6 19.g4 g5 20.Bg3 Rc8 21.b3 Bb7 22.Qd4 Qc5
23.Be5 Nxg4 24.Bh8 Qxd4 25.Bxd4 Rc2 26.Bh3  1/2-1/2

[Event "Open"]
[Site "Prague CZE"]
[Date "2010.01.15"]
[Round "9"]
[White "Grabarczyk,M"]
[Black "Ivanov,Al3"]
[Result "1/2-1/2"]
[WhiteElo "2475"]
[BlackElo "2405"]

1.d4 Nf6 2.c4 e6 3.Nf3 d5 4.g3 Be7 5.Bg2 O-O 6.O-O dxc4 7.Qc2 a6 8.a4 Bd7
9.Qxc4 Bc6 10.Bg5 a5 11.Nc3 Na6 12.Bxf6 Bxf6 13.e4 Nb4 14.Rad1  1/2-1/2

[Event "2nd Kirov Memorial Open"]
[Site "Blagoevgrad BUL"]
[Date "2010.01.16"]
[Round "8"]
[White "Ivanov,Bor BUL"]
[Black "Davidov,S"]
[Result "1-0"]
[WhiteElo "2128"]
[BlackElo "2230"]

1.d4 d5 2.c4 e6 3.Nf3 Nf6 4.g3 Be7 5.Bg2 O-O 6.O-O b6 7.Nc3 Bb7 8.Ne5 Nbd7
9.Qa4 Nxe5 10.dxe5 Nd7 11.cxd5 exd5 12.Nxd5 Nc5 13.Qd1 c6 14.Nxe7+ Qxe7 15.Qd6 Qxd6
16.exd6 Rfd8 17.Rd1 Rac8 18.Be3 Ne6 19.a4 Ba6 20.Rd2 c5 21.a5 b5 22.b4 Rd7
23.bxc5 Nxc5 24.Rc1 Ne6 25.Rxc8+ Bxc8 26.Bc6 Rd8 27.Bxa7 Bd7 28.Bxd7 Rxd7
29.Bb6 Nd8 30.a6 Nc6 31.a7 Nxa7 32.Bxa7 f6 33.Bb8 Kf7 34.Bc7 Ke6 35.Rb2 g5
36.Rxb5 h5 37.Rb8 Kf7 38.Rh8 Kg6 39.Rd8 Rg7 40.Re8 h4 41.Re7 Rg8 42.d7 Ra8
43.d8=Q Ra1+ 44.Kg2  1-0

[Event "Porzellancup"]
[Site "Dresden GER"]
[Date "2010.01.16"]
[Round "4"]
[White "Neef,M"]
[Black "Zumsande,M"]
[Result "1/2-1/2"]
[WhiteElo "2023"]
[BlackElo "2413"]

1.d4 e6 2.c4 d5 3.Nf3 Nf6 4.g3 Be7 5.Bg2 O-O 6.O-O dxc4 7.Qc2 a6 8.a4 c5
9.Qxc4 Nc6 10.dxc5 e5 11.Bd2 Be6 12.Qc2 e4 13.Ng5 Nd4 14.Nxe6 Nxc2 15.Nxd8 Nxa1
16.Nxb7 Nb3 17.Bg5 Nxc5 18.Nxc5 Bxc5 19.Bxf6 gxf6 20.Bxe4 Rab8 21.Bd3 a5
22.Bb5 Rfd8 23.Nc3 Bb4 24.Na2 Be7 25.Nc1 Rbc8 26.Nd3 Rc2 27.Re1 Rdc8 28.b3 Kf8
29.Bc4 Bd6 30.Kf1 Re8 31.e3 Rd8 32.Re2 Rc3 33.Re1 Be7 34.Rd1 Rc2 35.Ke1 h6
36.Kf1 Bb4 37.Kg2 Be7  1/2-1/2

[Event "TCh-AUT 2009-10"]
[Site "Graz AUT"]
[Date "2010.01.16"]
[Round "6"]
[White "Gyimesi,Z"]
[Black "Rozentalis,E"]
[Result "1/2-1/2"]
[WhiteElo "2584"]
[BlackElo "2611"]

1.d4 Nf6 2.c4 e6 3.g3 d5 4.Bg2 Be7 5.Nf3 O-O 6.O-O dxc4 7.Qc2 a6 8.Qxc4 b5
9.Qc2 Bb7 10.Bd2 Qc8 11.Rc1 Bd6 12.a4 Nbd7 13.axb5 axb5 14.Nc3 Rxa1 15.Rxa1 Qb8
16.Ra5 b4 17.Na4 Be4 18.Qc1 Qb7 19.Ne1 Bxg2 20.Nxg2 Qe4 21.Be3 Ra8 22.f3 Qb7
23.Rxa8+ Qxa8 24.b3 Qa6 25.Qc2 Nd5 26.Kf1 Nxe3+ 27.Nxe3 Qa7 28.Qd2 Bf8 29.d5 Qa6
30.Nc4 Nf6 31.dxe6 Qxe6 32.Kg2 h5 33.Nab2 g6 34.Nd3 Nd5 35.e4 Nb6 36.Nde5 Bd6
37.Nxb6 Qxe5 38.Nc4 Qc3 39.Qxc3 bxc3 40.Ne3 f5 41.exf5 gxf5 42.f4 Kf7 43.Kf3 Bc5
44.Ke2 Ke6 45.Kd3  1/2-1/2

[Event "TCh-AUT 2009-10"]
[Site "Graz AUT"]
[Date "2010.01.16"]
[Round "6"]
[White "Baldauf,Marc"]
[Black "Boensch,U"]
[Result "1/2-1/2"]
[WhiteElo "2373"]
[BlackElo "2511"]

1.d4 Nf6 2.c4 e6 3.g3 d5 4.Bg2 Be7 5.Nf3 O-O 6.O-O dxc4 7.Qc2 a6 8.Qxc4 b5
9.Qc2 Bb7 10.Bd2 Bd6 11.Ng5 Bxg2 12.Kxg2 h6 13.Nf3 Nbd7 14.e4 e5 15.dxe5 Nxe5
16.Nxe5 Bxe5 17.Be3 Bd4 18.Rd1 c5 19.Nc3 Re8 20.f3 Rc8 21.Qf2 Bxe3 22.Rxd8 Bxf2
23.Rxc8 Rxc8 24.Kxf2 Kf8 25.Rd1 Ke7 26.e5 Nd7 27.Nd5+ Ke6 28.Nf4+ Ke7 29.Nd5+ Ke6
30.Nf4+ Ke7 31.Nd5+  1/2-1/2

[Event "4NCL 2009-10"]
[Site "Sunningdale ENG"]
[Date "2010.01.16"]
[Round "3"]
[White "Ledger,A"]
[Black "King,D"]
[Result "1-0"]
[WhiteElo "2431"]
[BlackElo "2494"]

1.d4 e6 2.c4 d5 3.Nf3 Nf6 4.g3 Be7 5.Bg2 O-O 6.O-O Nbd7 7.Nbd2 c6 8.Qc2 a5
9.e4 a4 10.Re1 b6 11.e5 Ne8 12.cxd5 cxd5 13.h4 Qc7 14.Qd1 a3 15.bxa3 Ba6
16.Re3 Bb5 17.Bf1 Bxf1 18.Nxf1 Qa7 19.h5 h6 20.Rb1 Nc7 21.g4 Qa4 22.Qxa4 Rxa4
23.Rc3 Ra7 24.Ne3 Rfa8 25.Nc2 Ne8 26.Nfe1 Rc7 27.Rbb3 Rac8 28.Rxc7 Rxc7 29.Bd2 f6
30.f4 Kf7 31.Rc3 Ra7 32.Nd3 Nc7 33.Rb3 b5 34.f5 Nb6 35.Bf4 Nc4 36.exf6 Bxf6
37.Bxc7 Rxc7 38.fxe6+ Ke7 39.Rxb5 Nd6 40.Rc5 Rb7 41.Rxd5 Rb1+ 42.Kf2 Kxe6
43.Ne3 Ra1 44.Kf3 Rxa2 45.a4 Ke7 46.a5 Ra3 47.Ne5 Rb3 48.a6 Bg5 49.Rxd6 Kxd6
50.Nc4+ Kc7 51.a7 Rxe3+ 52.Nxe3 Kb7 53.Nf5 Bf6 54.Ke4 Kxa7 55.Kd5 Kb6 56.Ke6 Kb5
57.d5 Kc4 58.Nxh6  1-0

[Event "Vanderley Cason Melo Mem"]
[Site "Campinas BRA"]
[Date "2010.01.17"]
[Round "2"]
[White "Mareco,S"]
[Black "Matsuura,E"]
[Result "1-0"]
[WhiteElo "2526"]
[BlackElo "2467"]

1.d4 d5 2.c4 e6 3.Nf3 Nf6 4.g3 Be7 5.Bg2 O-O 6.O-O dxc4 7.Qc2 a6 8.a4 Bd7
9.Qxc4 Bc6 10.Bf4 Nd5 11.Bd2 Nd7 12.Rd1 a5 13.Qb3 Qe8 14.Qc2 Nb4 15.Bxb4 Bxb4
16.Nbd2 Nf6 17.Ne5 Bxg2 18.Kxg2 Rc8 19.Nb3 Qe7 20.Nd3 Rfd8 21.Qc4 Qd6 22.Nxb4 axb4
23.Rac1 b6 24.a5 Ra8 25.axb6 cxb6 26.Qb5 Rac8 27.Kg1 h5 28.e3 h4 29.Nd2 Nd5
30.Kg2 g6 31.Nf3 hxg3 32.hxg3 Kg7 33.Rh1 Rxc1 34.Rxc1 Ra8 35.Ne5 Ne7 36.Rc4 Qd5+
37.Qxd5 Nxd5 38.e4 b5 39.Rc5 Nf6 40.Kf3 Ra2 41.Rc7  1-0

[Event "Open C"]
[Site "Marianske Lazne CZE"]
[Date "2010.01.21"]
[Round "7"]
[White "Voith,W"]
[Black "Dadello,Al"]
[Result "1-0"]
[WhiteElo "1851"]
[BlackElo "1748"]

1.Nf3 d5 2.c4 e6 3.d4 Nf6 4.g3 Be7 5.Bg2 O-O 6.O-O c6 7.Qc2 Nbd7 8.b3 b6
9.Ba3 Bb7 10.Bxe7 Qxe7 11.Nbd2 c5 12.Ne5 cxd4 13.Nxd7 Qxd7 14.Nf3 dxc4 15.Ne5 Qc7
16.Bxb7 Qxb7 17.Nxc4 Rac8 18.Qd3 Rfd8 19.Rac1 Qe4 20.Nd6 Qxd3 21.Rxc8 Rxc8
22.exd3 Rc2 23.Nb5 Rxa2 24.Rc1 g6 25.Rc7 Nd5 26.Rc8+ Kg7 27.Nxd4 Rd2 28.Ra8 Rxd3
29.Nb5 a5 30.Kg2 Rxb3 31.Nd6 Rc3 32.Ra7 Rc7 33.Ne8+ Kf8 34.Nxc7 Nc3 35.Na8 Nd5
36.Rb7 a4 37.Nxb6 Ne7 38.Ra7 Ke8 39.Nxa4 Nc6 40.Rc7 Nd4 41.Rc4  1-0

[Event "IMB1"]
[Site "Marianske Lazne CZE"]
[Date "2010.01.21"]
[Round "7"]
[White "Kersten,U"]
[Black "Zier,O"]
[Result "1/2-1/2"]
[WhiteElo "2309"]
[BlackElo "2101"]

1.d4 d5 2.c4 e6 3.Nf3 Nf6 4.g3 Be7 5.Bg2 O-O 6.O-O dxc4 7.Qc2 a6 8.Qxc4 b5
9.Qc2 Bb7 10.Bd2 Be4 11.Qc1 Qc8 12.Bg5 Nbd7 13.Nbd2 Bb7 14.Bxf6 gxf6 15.e4 c5
16.d5 exd5 17.exd5 Bxd5 18.Re1 Re8 19.Ne4 Bf8 20.Nh4 Kh8 21.Nd6 Bxd6 22.Bxd5 Rxe1+
23.Qxe1 Rb8 24.Bxf7 Ne5 25.Bd5 Qg4 26.Rd1 Re8 27.Kg2 Bc7 28.h3 Qh5 29.Qd2 Ng6
30.Nxg6+  1/2-1/2

[Event "8th Gibtelecom Masters"]
[Site "Caleta ENG"]
[Date "2010.01.28"]
[Round "3"]
[White "Getz,N"]
[Black "Fox,An"]
[Result "0-1"]
[WhiteElo "2280"]
[BlackElo "2113"]

1.d4 d5 2.c4 e6 3.Nf3 Nf6 4.g3 Be7 5.Bg2 O-O 6.O-O dxc4 7.Qc2 a6 8.Qxc4 b5
9.Qc2 Bb7 10.Bf4 Nd5 11.Nbd2 Nd7 12.Nb3 c5 13.dxc5 Rc8 14.Rad1 Nxc5 15.e4 Nd7
16.Qd2 N5f6 17.Rfe1 Qb6 18.Nfd4 Nc5 19.Nxc5 Bxc5 20.Nb3 Rfd8 21.Qe2 Bb4 22.Rxd8+ Rxd8
23.Rc1 Rd7 24.h3 h6 25.g4 Nh7 26.Be3 Qd8 27.Bc5 Bd2 28.Rd1 Bf4 29.Rxd7 Qxd7
30.Be3 Qc7 31.Nc5 Bxe3 32.Qxe3 e5 33.Nxb7 Qxb7 34.Qc5 Qb8 35.Qc6 a5 36.Bf1 Ng5
37.Kg2 b4 38.Bc4 Qd8 39.h4 Nh7 40.Kg3 Nf8 41.Bd5 Qe7 42.Qb6 Kh7 43.Qb7 Qxb7
44.Bxb7 Kg6 45.f4 exf4+ 46.Kxf4 Kf6 47.g5+ Ke7 48.gxh6 gxh6 49.Kf5 Ng6 50.h5 Nf8
51.Bc8 Nh7 52.e5 Ng5 53.Ba6 Ne6 54.Bc4 Ng7+ 55.Ke4 Nxh5 56.Kd5 Nf4+ 57.Kc5 Ng6
58.Bf1 Nxe5 59.Kb5 Kd6 60.a4 bxa3 61.bxa3 f5 62.Kxa5 Kc5 63.a4 f4 64.Ka6 f3
65.a5 Nc6  0-1

[Event "ch-BUL S/F Men"]
[Site "Plovdiv BUL"]
[Date "2010.01.29"]
[Round "8"]
[White "Milchev,N"]
[Black "Enchev,I"]
[Result "1-0"]
[WhiteElo "2382"]
[BlackElo "2434"]

1.d4 Nf6 2.Nf3 e6 3.c4 d5 4.g3 Be7 5.Bg2 O-O 6.O-O dxc4 7.Qc2 a6 8.a4 Bd7
9.Bg5 Bc6 10.Qxc4 Bd5 11.Qd3 c5 12.Nc3 Bc6 13.Bh3 Nbd7 14.Rfd1 h6 15.Bc1 Rc8
16.a5 Qc7 17.Qb1 Bxf3 18.exf3 cxd4 19.Rxd4 Bc5 20.Rh4 Ne5 21.Bg2 Ng6 22.Rha4 Rfd8
23.Qc2 Bd4 24.Bd2 Qc5 25.Be1 e5 26.Qe2 Nf8 27.R1a3 Ne6 28.Bh3 Qc6 29.Kg2 Rc7
30.Bf5 Bc5 31.Ra1 Nd4 32.Qd3 Be7 33.Be4 Qe6 34.Rd1 Qb3 35.Raa1 Qe6 36.Qb1 Rcd7
37.Qa2 Nb3 38.Rxd7 Rxd7 39.Rd1 Rxd1 40.Nxd1 Nxe4 41.fxe4 Qc4 42.Qb1 Nc5 43.Kf3 Qf1
44.Bc3 Nd3 45.Qc2 Bc5 46.Ne3 Qh1+ 47.Ke2 Nxf2 48.Kxf2 Qxh2+ 49.Kf3 Qh1+ 50.Kf2 Qh2+
51.Kf1 Qxg3 52.Nd5 Qf3+ 53.Ke1 Qg3+ 54.Kd1 Qg1+ 55.Be1 Kh7 56.Qe2 Qd4+ 57.Kc2 f5
58.Nc3 f4 59.Qg4 Qe3 60.Qf5+ Kh8 61.Bd2 Qd4 62.Bc1 Bb4 63.Qc8+ Kh7 64.Qf5+ Kh8
65.Nd5 Bc5 66.Qc8+ Kh7 67.Qf5+ Kh8 68.b3 Qf2+ 69.Kb1 Qg1 70.Qc8+ Kh7 71.Qf5+ Kh8
72.Qc8+ Kh7 73.Qf5+ Kh8 74.Qxe5 Be3 75.Nxe3 fxe3 76.Qd4 Qe1 77.Qxe3 Qxa5
78.Bb2  1-0

[Event "8th Gibtelecom Masters"]
[Site "Caleta ENG"]
[Date "2010.01.30"]
[Round "5"]
[White "Bindrich,F"]
[Black "Nikolaidis,K"]
[Result "1-0"]
[WhiteElo "2512"]
[BlackElo "2266"]

1.d4 Nf6 2.c4 e6 3.g3 d5 4.Bg2 Be7 5.Nf3 O-O 6.Nbd2 c6 7.O-O b6 8.Qc2 Bb7
9.e4 Nbd7 10.e5 Ne8 11.cxd5 cxd5 12.Re1 Rc8 13.Qa4 Bc6 14.Qb3 b5 15.Nf1 a5
16.h4 h6 17.Ne3 a4 18.Qd3 b4 19.Ng4 Qb6 20.Bf4 Bb5 21.Qd2 h5 22.Ne3 g6 23.Bg5 Bxg5
24.Nxg5 Bc6 25.g4 Ng7 26.gxh5 gxh5 27.Bh3 Rce8 28.Qd3 f5 29.Kh2 Qb8 30.f4 Bb5
31.Qd2 Ba6 32.Rg1 Nf6 33.exf6 Qxf4+ 34.Kh1 Rxf6 35.Nc4 Qxd2 36.Nxd2 Rc8 37.Rac1 Rff8
38.Rxc8 Bxc8 39.Ndf3 Rd8 40.Ne5 Rd6 41.Rc1 Ba6 42.Bf1 Bxf1 43.Rc8+ Ne8 44.Rxe8+ Kg7
45.Nxe6+ Kf6 46.Nf4 Kg7 47.Nxh5+ Kh7 48.Nf7 Rc6 49.Rh8+ Kg6 50.Ne5+  1-0

[Event "2nd Chennai Open"]
[Site "Chennai IND"]
[Date "2010.01.31"]
[Round "8"]
[White "Navalgund,N"]
[Black "Stany,G"]
[Result "1/2-1/2"]
[WhiteElo "2168"]
[BlackElo "2349"]

1.d4 Nf6 2.c4 e6 3.g3 Be7 4.Bg2 d5 5.Nf3 O-O 6.O-O dxc4 7.Qc2 a6 8.a4 Bd7
9.Qxc4 Bc6 10.Bg5 Bd5 11.Qd3 Be4 12.Qe3 Bc6 13.Qd3 Nbd7 14.Nc3 Rb8 15.Rfd1 b5
16.axb5 axb5 17.Ne5 Bxg2 18.Kxg2 Rb6 19.Qf3 h6 20.Be3 b4 21.Na4 Ra6 22.b3 Qa8
23.Rac1 Bd6 24.Bf4 Qxf3+ 25.Kxf3 Nb6 26.Nxb6 Rxb6 27.e4 Ra6 28.Nd3 Bxf4 29.gxf4 Ra3
30.Rb1 Rd8 31.Ne5 Kf8 32.Rd3 Ne8 33.Nc6 Rd6 34.Nxb4 Rb6 35.Nc2 Ra2 36.Ne3 Nd6
37.Rc1 Rb2 38.Rxc7 R6xb3 39.Rxb3 Rxb3 40.Rd7 Nc4 41.f5 e5 42.Rd5 Nd2+ 43.Kg2 Nxe4
44.dxe5 Rb2 45.Nd1 Ra2 46.Rd4 Nc5 47.Ne3 Ke8 48.Nc4 Ke7 49.Kg3 Rc2 50.Ne3 Ra2
51.Nd5+ Ke8 52.f6 gxf6 53.exf6 Ne6 54.Rh4 Ra5 55.Ne3 h5 56.Rb4 Kd7 57.f4 Nc7
58.f5 Ra3 59.Rd4+ Kc6 60.Kf4 Ne8 61.Rc4+ Kb5 62.Rc8 Nxf6 63.Rf8 Ra4+ 64.Kf3 Nh7
65.Rh8 Ng5+ 66.Kg3 Ne4+ 67.Kf4 Kc6 68.Ke5 Nd6 69.Kf6 Rh4 70.Rh6 Kc5 71.Kg5 Rxh2
72.Rxh5 Ne4+ 73.Kh6 Rxh5+ 74.Kxh5 Ng3+ 75.Kg5 Nxf5 76.Kxf5 Kd4 77.Ng4 f6
78.Nxf6  1/2-1/2

[Event "ch-ROU m"]
[Site "Baile Olanesti ROU"]
[Date "2010.02.01"]
[Round "2"]
[White "Schmidt,Rau"]
[Black "Stefanache,M"]
[Result "1-0"]
[WhiteElo "2385"]
[BlackElo "2067"]

1.Nf3 d5 2.d4 Nf6 3.c4 e6 4.g3 Be7 5.Bg2 O-O 6.O-O dxc4 7.Nbd2 c5 8.Nxc4 Nc6
9.dxc5 Bxc5 10.Qb3 Qe7 11.Bf4 Nd5 12.Bg5 f6 13.Bd2 b5 14.Qxb5 Ncb4 15.Rfc1 Bd7
16.Qa5 Rfc8 17.Be1 Nb6 18.Ne3 N6d5 19.Nxd5 Nxd5 20.e4 Bb4 21.Rxc8+ Rxc8 22.Qxa7 Bc5
23.Qb7 Nb4 24.Rd1 Rd8 25.a3 Nc2 26.Qc7 Nxe1 27.Nxe1 e5 28.Nc2 Kf7 29.Rd5 Bd4
30.Nxd4 exd4 31.Rxd4  1-0

[Event "Georgi Tringov Mem"]
[Site "Plovdiv BUL"]
[Date "2010.02.03"]
[Round "6"]
[White "Stamenkov,V"]
[Black "Lilov,V2"]
[Result "0-1"]
[WhiteElo "2333"]
[BlackElo "2409"]

1.Nf3 d5 2.d4 Nf6 3.c4 e6 4.g3 Be7 5.Bg2 O-O 6.Qc2 b6 7.O-O Bb7 8.cxd5 exd5
9.Bf4 Na6 10.a3 c5 11.Nc3 Bd6 12.Bxd6 Qxd6 13.Rad1 Qe7 14.Qf5 Nc7 15.Rfe1 Rfe8
16.e3 Rad8 17.Qc2 Ne6 18.Qa4 a6 19.dxc5 bxc5 20.Qa5 Rd6 21.Na4 Rc8 22.Rc1 Rdd8
23.Red1 h6 24.Nh4 g6 25.Bh3 Ne4 26.f3 N4g5 27.Bg2 Nh7 28.Qe1 Nf6 29.Bh3 Nd7
30.Nc3 Nb6 31.Qf2 Rc7 32.Ne2 Ng5 33.Bf1 Nc4  0-1

[Event "ch-ROU m"]
[Site "Baile Olanesti ROU"]
[Date "2010.02.04"]
[Round "6"]
[White "Spulber,C"]
[Black "Stefanache,M"]
[Result "1/2-1/2"]
[WhiteElo "2312"]
[BlackElo "2067"]

1.c4 e6 2.g3 d5 3.Bg2 Nf6 4.Nf3 Be7 5.d4 O-O 6.Qc2 a6 7.Nbd2 b6 8.cxd5 exd5
9.O-O Bb7 10.b3 Nbd7 11.Bb2 Bd6 12.e3 Qe7 13.Nh4 g6 14.Nc4 Ne4 15.Nxd6 Nxd6
16.a4 Nf6 17.Rfc1 Nfe8 18.Nf3 f6 19.Ba3 Qe6 20.Nd2 Rf7 21.Re1 Ne4 22.Nb1 f5
23.f3 N4f6 24.Nd2 Rd8 25.f4 Ne4 26.Nf3 h6 27.Ne5 Rg7 28.Qe2 N8f6 29.Rac1 Rc8
30.Rc2 Kh7 31.Rec1 c6 32.Bb4 a5 33.Be1 Rgc7 34.b4 axb4 35.Bxb4 c5 36.dxc5 bxc5
37.Qb5 Qa6 38.Bf1 c4 39.Ba5 Qxb5 40.axb5 Rc5 41.Rb1 Ra8 42.Bb6 Rcc8 43.Bd4 Ra3
44.Be2 Rca8 45.Kg2 Ra2 46.Rxa2 Rxa2 47.Rb2 Ra3 48.Bd1 Ne8 49.h3 N8d6 50.b6 Ra5
51.Nd7 h5 52.g4 hxg4 53.hxg4 Nb5 54.g5 Nxd4 55.exd4 c3 56.Rc2 Rb5 57.Kf3 Rb2
58.Ke3 Rb1 59.Be2 Bc6 60.Nc5 Rb2 61.Bd3 Rxb6 62.Bxe4 fxe4 63.Rxc3 Kg8 64.Ne6 Bd7
65.Nc7 Bc6 66.f5 gxf5 67.Kf4 Kf7 68.Kxf5 Bd7+ 69.Ke5 Rc6 70.Nxd5 Rxc3 71.Nxc3 e3
72.Kf4 Kg6 73.d5 Be8 74.d6 Bd7 75.Ne2 Bc8 76.Nd4 Bd7 77.Kxe3 Kxg5 78.Ke4 Kf6
79.Kd5 Kf7 80.Kc5 Ke8  1/2-1/2

[Event "ch-ROU m"]
[Site "Baile Olanesti ROU"]
[Date "2010.02.05"]
[Round "7"]
[White "Voiteanu,G"]
[Black "Foisor,O"]
[Result "1/2-1/2"]
[WhiteElo "2261"]
[BlackElo "2420"]

1.d4 Nf6 2.c4 e6 3.Nf3 d5 4.g3 Be7 5.Bg2 O-O 6.O-O c6 7.Nbd2 b6 8.Qc2 Ba6
9.b3 Nbd7 10.e4 Rc8 11.Re1 c5 12.exd5 exd5 13.Bb2 b5 14.b4 cxb4 15.c5 Bb7
16.Bh3 a5 17.Qd3 Bc6 18.Ne5 Nxe5 19.dxe5 Nd7 20.Qe2 Rc7 21.Nb3 a4 22.Nd4 Nxc5
23.Rac1 Bd7 24.e6 fxe6 25.Nxe6 Bxe6 26.Bxe6+ Kh8 27.Be5 Bd6 28.Bxd5 Re7 29.Qxb5 Bxe5
30.Qxc5 Bd6 31.Qb5 Rxe1+ 32.Rxe1 Qf6 33.Re2 Qd4 34.Qc4 Bc5  1/2-1/2

[Event "Bundesliga 2009-10"]
[Site "Berlin GER"]
[Date "2010.02.05"]
[Round "7"]
[White "Abel,D"]
[Black "Kachibadze,Ge"]
[Result "1-0"]
[WhiteElo "2380"]
[BlackElo "2239"]

1.d4 Nf6 2.c4 e6 3.g3 d5 4.Nf3 Be7 5.Bg2 O-O 6.O-O dxc4 7.Qc2 a6 8.Qxc4 b5
9.Qc2 Bb7 10.Bd2 Ra7 11.Rc1 Be4 12.Qb3 Nbd7 13.Bb4 Nd5 14.Bxe7 Qxe7 15.Ne5 Nxe5
16.Bxe4 Nc4 17.Bd3 Ndb6 18.Qc2 f5 19.Bxc4 Nxc4 20.b3 Nb6 21.Nd2 Qd6 22.Nf3 Nd5
23.Ne5 Rb7 24.Qd2 Rb6 25.a4 bxa4 26.bxa4 Qb4 27.Qd3 Rc8 28.a5 Rd6 29.Rc5 Rb8
30.Rac1 Qb2 31.R5c2 Qb7 32.Qd2 Qb3 33.Qg5 Qb7 34.h4 h6 35.Qh5 Rf8 36.Qf3 Qb4
37.e3 Qb3 38.Ng6 Rb8 39.Nf4 Rb5 40.Nxd5 Qxd5 41.Qxd5 Rbxd5 42.Rxc7 e5 43.dxe5 Rxe5
44.Rb7 Rxa5 45.Rcc7 Rg6 46.Rc8+ Kh7 47.Rbb8  1-0

[Event "FSIMA February"]
[Site "Budapest HUN"]
[Date "2010.02.06"]
[Round "1"]
[White "Roberts,P"]
[Black "Lengyel,B"]
[Result "1/2-1/2"]
[WhiteElo "2206"]
[BlackElo "2271"]

1.Nf3 d5 2.d4 Nf6 3.c4 e6 4.g3 Be7 5.Bg2 O-O 6.O-O Nbd7 7.Qc2 c6 8.Nbd2 b6
9.e4 Bb7 10.b3 Rc8 11.Bb2 c5 12.exd5 exd5 13.dxc5 dxc4 14.Nxc4 b5 15.Nce5 Nxe5
16.Nxe5 Bxg2 17.Kxg2 Rxc5 18.Qe2 Bd6 19.Nf3 Qe7 20.Qxe7 Bxe7 21.Ba3 Rc7 22.Bxe7 Rxe7
23.Rfe1 Rc7  1/2-1/2

[Event "3rd Inv FIDE MN"]
[Site "Saint Paul USA"]
[Date "2010.02.11"]
[Round "6"]
[White "Karagianis,P"]
[Black "Dahl,M"]
[Result "1-0"]
[WhiteElo "2203"]
[BlackElo "2054"]

1.d4 d5 2.c4 e6 3.Nf3 Nf6 4.g3 Be7 5.Bg2 O-O 6.O-O c6 7.Qc2 b6 8.Nbd2 Bb7
9.e4 Nbd7 10.e5 Ne8 11.cxd5 cxd5 12.Re1 Rc8 13.Qa4 a5 14.Nf1 Ba6 15.Qd1 Nc7
16.h4 h6 17.Ne3 Re8 18.Ng4 Bf8 19.Bf4 Kh7 20.Ne3 b5 21.Bg5 Be7 22.Bxe7 Qxe7
23.Bf1 Qb4 24.a3 Qxb2 25.Qd3+  1-0

[Event "US Amateur Team-ch East"]
[Site "Parsippany USA"]
[Date "2010.02.13"]
[Round "1"]
[White "Selzler,R"]
[Black "Romero,S"]
[Result "1-0"]
[WhiteElo "2193"]
[BlackElo "2024"]

1.d4 Nf6 2.c4 e6 3.g3 d5 4.Nf3 Be7 5.Bg2 O-O 6.O-O Nbd7 7.Qc2 c6 8.b3 b6
9.Nbd2 Bb7 10.Bb2 Rc8 11.e4 dxe4 12.Nxe4 Nxe4 13.Qxe4 Qc7 14.Qe2 Nf6 15.Rfe1 Rfe8
16.Rad1 Rcd8 17.Ne5 c5 18.dxc5 Bxc5 19.a3 Bxg2 20.Kxg2 h6 21.Qf3 Rxd1 22.Rxd1 Bxa3
23.Rd7 Nxd7 24.Qxf7+ Kh7 25.Qg6+ Kg8 26.Qxe8+ Kh7 27.Qg6+ Kg8 28.Qxe6+ Kh7
29.Qg6+ Kg8 30.Qf7+ Kh7 31.Bxa3 Qxe5 32.Qxd7  1-0

[Event "TCh-Eur Seniors"]
[Site "Dresden GER"]
[Date "2010.02.14"]
[Round "5"]
[White "Macdonald Ross,M"]
[Black "Baumbach,F"]
[Result "1/2-1/2"]
[WhiteElo "2176"]
[BlackElo "2261"]

1.d4 d5 2.c4 e6 3.Nf3 Nf6 4.g3 Be7 5.Bg2 O-O 6.O-O b6 7.Nc3 Bb7 8.b3 Nbd7
9.Bb2 Rc8 10.Re1 c5 11.cxd5 Nxd5 12.Nxd5 Bxd5 13.e4 Bb7 14.Qd2 cxd4 15.Qxd4  1/2-1/2

[Event "Open"]
[Site "Novy Bor CZE"]
[Date "2010.02.14"]
[Round "2"]
[White "Hantak,A"]
[Black "Malec,Jan"]
[Result "1/2-1/2"]
[WhiteElo "2195"]
[BlackElo "1999"]

1.d4 d5 2.c4 e6 3.Nf3 Nf6 4.g3 Be7 5.Bg2 O-O 6.O-O dxc4 7.Qc2 a5 8.Qxc4 Bd7
9.Ne5 b5 10.Qc2 Ra6 11.Bf4 Bd6 12.Nc3 b4 13.Ne4 Nd5 14.Nxd6 cxd6 15.Nxd7 Qxd7
16.Bxd5 exd5 17.Rac1 Rc6 18.Qb3 Qf5 19.Qa4 g5 20.Rxc6 Nxc6 21.Qxc6 gxf4 22.Qxd6 Re8
23.Qa6 Qe4 24.Qxa5 Qxd4 25.Qb5 Re5 26.a3 fxg3 27.hxg3 Qxb2 28.Qxb4 Qxe2 29.Qf4 d4
30.Rc1 Qe4 31.Qf6 d3 32.Rc7 Qe1+ 33.Kg2 Qe4+ 34.Kg1 Qe1+ 35.Kg2 Qe4+ 36.Qf3 Qd5
37.Rc8+ Kg7 38.Qxd5 Rxd5  1/2-1/2

[Event "TCh-SUI NatLigaA"]
[Site "Switzerland SUI"]
[Date "2010.02.14"]
[Round "1"]
[White "Ekstroem,R"]
[Black "Moor,O"]
[Result "1-0"]
[WhiteElo "2491"]
[BlackElo "2435"]

1.c4 e6 2.d4 Nf6 3.Nf3 d5 4.g3 Be7 5.Bg2 O-O 6.O-O dxc4 7.Qc2 a6 8.Qxc4 b5
9.Qc2 Bb7 10.Bd2 Ra7 11.Rc1 Be4 12.Qb3 Nbd7 13.Ba5 Bd6 14.Nbd2 Ba8 15.Qc2 Qb8
16.e4 e5 17.dxe5 Nxe5 18.Nxe5 Bxe5 19.Nb3 c6 20.f4 Bc7 21.Bxc7 Rxc7 22.Nc5 Qa7
23.Rd1 a5 24.h3 Nd7 25.Rac1 a4 26.Qf2 Nxc5 27.Qxc5 Qxc5+ 28.Rxc5 Rcc8 29.Kf2 Rfd8
30.Ke2 Rxd1 31.Kxd1 Kf8 32.e5 Ke7 33.Kd2 g6 34.Bf3 h5 35.Ke3 Bb7 36.a3 Rh8
37.Rc3 Rc8 38.Rd3 Rc7 39.Rc3 c5 40.Bxb7 Rxb7 41.Rxc5 b4 42.Kd4 Ke6 43.g4 h4
44.Ke4 bxa3 45.bxa3 Rb3 46.Rc7 f5+ 47.exf6 Kxf6 48.g5+ Ke6 49.Rg7 Rxh3 50.Rxg6+ Kf7
51.Rh6 Rxa3 52.Rxh4 Kg7 53.Rh6 Rb3 54.Ra6 Rb4+ 55.Kf5 Rb5+ 56.Kg4 Rb4 57.Ra5 Kf7
58.Kf5  1-0

[Event "BSF 75th Ann."]
[Site "Bronshoj DEN"]
[Date "2010.02.19"]
[Round "7"]
[White "Hillarp Persson,T"]
[Black "Skovgaard,Pe2"]
[Result "1-0"]
[WhiteElo "2581"]
[BlackElo "2279"]

1.Nf3 Nf6 2.c4 e6 3.g3 d5 4.d4 Be7 5.Bg2 O-O 6.O-O dxc4 7.Qc2 a6 8.Qxc4 b5
9.Qc2 Bb7 10.Bd2 Bd6 11.Ng5 Bxg2 12.Kxg2 h6 13.Nf3 Nbd7 14.e4 e5 15.Nc3 c5
16.d5 c4 17.Nh4 Nc5 18.f3 Qd7 19.Nd1 Rfc8 20.Nf2 Na4 21.Nf5 Bf8 22.Rac1 b4
23.b3 cxb3 24.Qxb3 Nc5 25.Qb2 Nxd5 26.Qxe5 Nf6 27.Bxb4 Nd3 28.Nxd3 Qxd3 29.Rc3 Qd7
30.Bxf8 Qd2+ 31.Rf2 Qxc3 32.Qxc3 Rxc3 33.Bxg7 Nxe4 34.fxe4 Rd3 35.Bxh6 Re8
36.Re2 Re5 37.Bc1 Ra5 38.a3 Rc5 39.Bb2 Rb3 40.Rd2 Rcb5 41.Rd8+ Kh7 42.Rh8+ Kg6
43.Rh6+ Kg5 44.Bf6+ Kg4 45.h3+  1-0

[Event "BSF 75th Ann."]
[Site "Bronshoj DEN"]
[Date "2010.02.20"]
[Round "9"]
[White "Rosenkilde,A"]
[Black "Skovgaard,Pe2"]
[Result "1/2-1/2"]
[WhiteElo "2215"]
[BlackElo "2279"]

1.d4 Nf6 2.c4 e6 3.Nf3 d5 4.g3 Be7 5.Bg2 O-O 6.O-O dxc4 7.Qc2 a6 8.Qxc4 b5
9.Qc2 Bb7 10.Bd2 Bd6 11.Ng5 Bxg2 12.Kxg2 Qc8 13.Nc3 Qb7+ 14.f3 h6 15.Nge4 Be7
16.e3 Nbd7 17.Nxf6+ Nxf6 18.Ne2 Rac8 19.b4 Nd5 20.a3 Nb6 21.Nf4 e5 22.dxe5 c5
23.Qa2 Nc4 24.e4 Nxe5 25.Nd5 cxb4  1/2-1/2

[Event "NordWest-Cup"]
[Site "Bad Zwischenahn GER"]
[Date "2010.02.21"]
[Round "7"]
[White "Schneider,Il"]
[Black "Cevik,D"]
[Result "1-0"]
[WhiteElo "2499"]
[BlackElo "2259"]

1.d4 d5 2.c4 e6 3.Nf3 Nf6 4.g3 Be7 5.Bg2 O-O 6.O-O c6 7.Qc2 b6 8.Rd1 Bb7
9.Nc3 Qc8 10.e4 dxe4 11.Nxe4 Nbd7 12.Bf4 Nxe4 13.Qxe4 Nf6 14.Qe2 Re8 15.Ne5 Nd7
16.c5 Nxe5 17.Qxe5 Bf6 18.Qe3 Qd8 19.Rac1 b5 20.h4 Qa5 21.a3 Rad8 22.Be5 Be7
23.b4 Qa6 24.Be4 Bc8 25.Qf3 Bd7 26.Ra1 Qb7 27.a4 a6 28.Ra3 Qc8 29.axb5 axb5
30.Ra7 f6 31.Rc7 Qa6 32.Qh5 f5 33.Rxd7 g6 34.Qh6  1-0

[Event "14th Open"]
[Site "Guingamp-Pabu FRA"]
[Date "2010.02.21"]
[Round "3"]
[White "Migot,T"]
[Black "Delalee,P"]
[Result "1/2-1/2"]
[WhiteElo "2192"]
[BlackElo "1966"]

1.d4 Nf6 2.c4 e6 3.g3 d5 4.Nf3 Be7 5.Bg2 O-O 6.O-O dxc4 7.Qc2 a6 8.Qxc4 b5
9.Qc2 Bb7 10.Bd2 Be4 11.Qc3 c5 12.dxc5 Nbd7 13.Bg5 Nxc5 14.Qe3 Nd5 15.Bxe7 Qxe7
16.Qd4 Nf6 17.Nc3 Rfd8 18.Qe5 Bb7 19.a3 Rac8 20.Rad1 Nce4 21.Rxd8+ Rxd8 22.Nxe4 Bxe4
23.Rc1 Qd7 24.h3 Rc8 25.Rxc8+ Qxc8 26.Kh2 h6 27.Nd4 Bxg2 28.Kxg2 Qb7+ 29.f3 Kh7
30.Nb3 Qc6 31.Nc5 a5 32.e4 Qb6 33.h4 Kh8 34.Nb3 Qc7 35.Qc3 Qd7 36.Qd4 Qc7
37.Qc3 Qd7 38.Nxa5 Qd1 39.g4 Qe2+ 40.Kg3 Qf1 41.Qe3 Nd7 42.Nc6 e5 43.g5 h5
44.Nb4 Nf8 45.Nd5 Ng6 46.Qf2 Qh1 47.Qh2 Qe1+ 48.Qf2  1/2-1/2